Hra o čas /
Jsem James Garrett. Mocný a nebezpečný. Lidé se mě báli a já si to užíval. Neznal jsem strach, dokud nepřišla ona. Rozpoutala chaos, který nešlo zastavit. Čas se začal krátit. Jmenuji se Chloe Castillo. Uměla jsem ovládat lidi i magii. Věděla jsem, komu se vyhnout. Jediné setkání všechno z...
Uloženo v:
| Hlavní autor: | |
|---|---|
| Médium: | E-kniha |
| Jazyk: | Czech |
| Vydáno: |
Praha :
Nakladatelství Solis s.r.o.,
2025
|
| Tagy: |
Žádné tagy |
| LEADER | 01394nam a22002297i 4500 | ||
|---|---|---|---|
| 001 | 312731 | ||
| 007 | ta | ||
| 008 | 260601s2025 xr ||||| |||| 00| 0 cze d | ||
| 020 | |a 9990004205369 | ||
| 044 | |a xr | ||
| 100 | 1 | |a Gleňová, Kamila |4 aut | |
| 245 | 1 | 0 | |a Hra o čas / |c Gleňová, Kamila |
| 264 | 1 | |a Praha : |b Nakladatelství Solis s.r.o., |c 2025 | |
| 300 | |a 1 online zdroj (220 stran) | ||
| 336 | |a text |b txt |2 rdacontent | ||
| 337 | |a bez média |b n |2 rdamedia | ||
| 338 | |a online zdroj |b cr |2 rdacarrier | ||
| 520 | 2 | |a Jsem James Garrett. Mocný a nebezpečný. Lidé se mě báli a já si to užíval. Neznal jsem strach, dokud nepřišla ona. Rozpoutala chaos, který nešlo zastavit. Čas se začal krátit. Jmenuji se Chloe Castillo. Uměla jsem ovládat lidi i magii. Věděla jsem, komu se vyhnout. Jediné setkání všechno změnilo. Jedna noc mohla vše zničit. Nebo stvořit?Teď závodíme s časem a nikdo neví, kdo vyhraje. | |
| 910 | |a RBIT002 | ||
| 998 | |d 420536 |a https://core.palmknihy.cz/api/books/420536/cover?swkc5h |b https://core.palmknihy.cz/api/books/420536/cover/400?swkc5h |c https://core.palmknihy.cz/api/books/420536/cover/50?swkc5h |e 2031-12-31 |g 220 |i 9990004205369 |j https://core.palmknihy.cz/api/books/420536/preview.epub |k https://core.palmknihy.cz/api/books/420536/preview.pdf |l |q 49 |r 1 |s https://www.palmknihy.cz/kniha/420536 |t ebook |y 2025 |z 1 | ||
| 999 | |d 312729 | ||